000 00724nmc a2200277 a 4500
003 AR-BaBNM
005 20251128204607.0
008 057019s1992 ||||||||||||||000 | spa||
020 _a84-236-2644-X
040 _cAR-BaBNM
100 1 _aGoytisolo, José Agustín
245 1 0 _aLa bruja hermosa
260 _aBarcelona
_bEdebé
_c1992
300 _a31 p.
_bil.
490 0 _aTren azul
_vv. 7
500 _aSe recomienda para primeras lecturas
650 4 _aLITERATURA INFANTIL
650 4 _aLIBROS PARA NINOS
650 4 _aLITERATURA ESPANOLA
650 4 _aCUENTOS DE AVENTURAS
653 _aPOESIA INFANTIL
655 _aLITERATURA
700 1 _aBallesta, Juan
_eilustrador
942 _cBK
998 _cLAURA
999 _c8057
_d8057